000 00706nam a2200289Ia 4500
005 20260324114527.0
008 008 260324s9999 xx 000 0 eng d
020 _a9781003245612
037 _aEBOOK
040 _aCRL
040 _beng
040 _cCRL
041 _2eng
041 _aeng
084 _qCRL
100 _aAbdul Razzak Rumane
_91143160
245 0 _aRisk Management Applications Used to Sustain Quality in Projects
245 2 _bA Practical Guide
260 _bTaylor and Francis
260 _c2022
365 _a
365 _b240
856 _uhttp://www.taylorfrancis.com/books/9781003245612
942 _cEBOOK
999 _c1741366
_d1741366